000
00365nam a2200157 a 4500
005
20140414131924.0
008
101026s19uu xx 00 eng d
050
_a
ER
_b
C46 2001
100
_a
Spurgeon, Maureen
245
_a
Christmas on the farm.
260
_a
England :
_b
Brown Watson,
_c
2001.
440
_a
650
_a
650
_a
999
_c
111901
_d
111901